000 01740nam a2200289Ia 4500
999 _c53186
_d53186
001 20227
003 GE_BSU
005 20200625180505.0
008 181216s1998||||ge |||||||||||||| ||geo||
020 _a5-505-00306-0
040 _cGE_BSU
041 _ageo
080 _a81'374(038)=353.1'35 თ-77
100 _aთოფურია, ვარლამ
_97713
245 _aქართული ენის ორთოგრაფიული ლექსიკონი /
_cვარლამ თოფურია, ივანე გიგინეიშვილი ; რედ. დ. ჯიბლაძე.
250 _aმე-2 შევსებული გამოცემა
264 _aთბილისი :
_bგანათლება,
_c1998.
300 _a632 გვ. ;
_c26 სმ.
500 _aლექსიკონში მოცემულია წმინდა ორთოგრაფიული ფორმების აღნუსხვა, ცნობები ქართული სალიტერატურო ენის პრაქტიკული სტილისტიკის საკითხებზე
541 _h18 ლ.
653 _aქართული ენის ორთოგრაფიული ლექსიკონი
700 _aგიგინეიშვილი, ივანე
_eავტორი
_98825
700 _a ჯიბლაძე, დ.
_eრედაქტორი
_98826
710 _aსაქართველოს მეცნიერებათა აკადემია
_98827
710 _aენათმეცნიერების ინსტიტუტი
_98828
942 _cBK
_2udc